000 00609nam a2200205 i 4500
001 39877
003 ES-MaACL
005 20250808021906.0
007 t|
008 030304s1957 sp ||||1| spa d
100 1 _aCandel, Francisco,
_d1925-2007
_934448
245 1 0 _aDonde la ciudad cambia su nombre /
_cFrancisco Candel.
250 _a[1ª ed.].
260 _aBarcelona :
_bJosé Janés,
_c[1957] (
_fGasa)
300 _a298 p. ;
_c19 cm.
490 1 _aLa vida no es sueño
830 0 3 _aLa vida no es sueño
_9181820
852 _aES-MaACL
_jC-13915
_bR.41528
999 _c39877
_d39877